Encuentros con Jung / (Record no. 67487)

MARC details
000 -LEADER
campo de control de longitud fija 01075nam a2200289 i 4500
001 - NÚMERO DE CONTROL
campo de control 67487
003 - IDENTIFICADOR DE NÚMERO DE CONTROL
campo de control ES-MaACL
005 - FECHA Y HORA DE LA ÚLTIMA TRANSACCIÓN
campo de control 20250924165237.0
007 - CAMPO FIJO DE DESCRIPCIÓN FÍSICA--INFORMACIÓN GENERAL
campo de control de longitud fija t|
008 - DATOS DE LONGITUD FIJA--INFORMACIÓN GENERAL
campo de control de longitud fija 040601s2000 sp ||||0| spa d
020 ## - NÚMERO INTERNACIONAL ESTÁNDAR DEL LIBRO
Número Internacional Estándar del Libro 84-8164-304-1
040 ## - FUENTE DE CATALOGACIÓN
Centro catalogador/agencia de origen M-BN
Lengua de catalogación spa
Centro/agencia transcriptor M-BN
080 ## - NÚMERO DE LA CLASIFICACIÓN DECIMAL UNIVERSAL
Número de la Clasificación Decimal Universal 929 Jung, C. G.(047.53)
245 00 - MENCIÓN DEL TÍTULO
Título Encuentros con Jung /
Mención de responsabilidad, etc. edición de William McGuire y R.F.C. Hull ; traducción de Román Escohotado ; revisión técnica de Enrique Galán.
260 ## - PUBLICACIÓN, DISTRIBUCIÓN, ETC.
Lugar de publicación, distribución, etc. Madrid :
Nombre del editor, distribuidor, etc. Trotta,
Fecha de publicación, distribución, etc. [2000]
300 ## - DESCRIPCIÓN FÍSICA
Extensión 449 p. ;
Dimensiones 23 cm.
490 1# - MENCIÓN DE SERIE
Mención de serie Colección Estructuras y procesos. Serie Pensamiento, psicopatología y psiquiatría
600 14 - PUNTO DE ACCESO ADICIONAL DE MATERIA--NOMBRE DE PERSONA
Nombre de persona Jung, Carl G.,
Fechas asociadas al nombre 1875-1961-
Subdivisión de forma Entrevistas
9 (RLIN) 67283
700 1# - ENTRADA AGREGADA--NOMBRE PERSONAL
Nombre de persona McGuire, William.
9 (RLIN) 79577
700 1# - ENTRADA AGREGADA--NOMBRE PERSONAL
Nombre de persona Hull, R. F. C.
9 (RLIN) 64694
700 1# - ENTRADA AGREGADA--NOMBRE PERSONAL
Nombre de persona Escohotado, Román,
Fechas asociadas al nombre 1908-1970
9 (RLIN) 47584
700 1# - ENTRADA AGREGADA--NOMBRE PERSONAL
Nombre de persona Galán, Enrique.
9 (RLIN) 53287
830 00 - PUNTO DE ACCESO ADICIONAL DE SERIE-TÍTULO UNIFORME
Título uniforme Estructuras y procesos.
Nombre de parte o sección de la obra Pensamiento, psicopatología y psiquiatría
9 (RLIN) 179752
852 ## - LOCALIZACIÓN
Ubicación ES-MaACL
Número de control de estantería L-27766
Sublocalización o colección R.133515
Holdings
Estatus retirado Estado de pérdida Estado de daño No para préstamo Biblioteca de origen Biblioteca actual Ubicación en estantería Fecha de adquisición Fuente de adquisición Total de préstamos Signatura topográfica completa Código de barras Visto por última vez Precio de reemplazo Tipo de ítem Koha
        Biblioteca del Ateneo de Madrid Biblioteca del Ateneo de Madrid Depósito 2 17/01/2008     L-27766 1070668 23/02/2023 23/02/2023 Libro impreso